000 00456nam a2200193Ia 4500
008 101110s9999 xx 000 0 und d
041 _aENGLISH
082 _bSR8236
_a657
100 _aPatkar M.G.
245 _aDouble entry book-keeping
365 _b6.5
520 _aCommerce
546 _aENGLISH
630 _aDouble entry book-keeping
650 _aCommerce
655 _aCommerce
730 _aDouble entry book-keeping
942 _cBOOK
999 _c803693
_d803690